000 00281nam a22001217a 4500
008 171012b xxu||||| |||| 00| 0 eng d
041 _aeng
080 _210ED
_a316
100 _a50
101 _aSOC
245 _aTAKING SIDES HUMAN SEXUALITY
_cTAVERNER.W.J
942 _2udc
_cBK
999 _c33280
_d33280